German State Flags Quiz - Statistics

General Stats
  • This quiz has been taken 1,287 times
  • The average score is 10 of 16
Answer Stats
Picture Answer % Correct
Bavaria
95%
Berlin
92%
Hamburg
72%
Saxony
66%
Baden-Württemberg
61%
Lower Saxony
61%
Bremen
58%
Hesse
57%
Brandenburg
56%
Saarland
54%
Thuringia
54%
North Rhine-Westphalia
53%
Mecklenburg-Vorpommern
52%
Rhineland-Palatinate
52%
Saxony-Anhalt
51%
Schleswig-Holstein
49%
No matching quizzes found
Score Distribution
Percent of People with Each Score
Percentile by Number Answered
Your Score History
You have not taken this quiz